Zoning : its costs and relevance for the 1980s /

Bibliographic Details
Main Author: Goldberg, Michael A., 1941-
Other Authors: Horwood, Peter J. (Peter James), 1949-, Block, Walter, 1941-
Format: Book
Language:English
Published: Vancouver, B.C. : The Fraser Institute, 1980.
Series:Fraser Institute's housing and land economics series ; no 6.
Subjects:

MARC

Tag First Indicator Second Indicator Subfields
LEADER 00000cam a2200000 a 4500
001 in00000076892
005 20151008054958.0
008 800319s1980 bcca b 00010 eng d
020 |a 0889750327 (pbk.) 
035 |a (OCoLC)06105776 
035 |9 AAJ2216AM 
040 |a IBR  |c IBR  |d SEA  |d OCL  |d TXA  |d UtOrBLW 
049 |a TXAM  |c [1804308] 
090 |a HT169.6  |b .G64 
092 |a 352.9/61 
100 1 |a Goldberg, Michael A.,  |d 1941- 
245 1 0 |a Zoning :  |b its costs and relevance for the 1980s /  |c Michael Goldberg and Peter Horwood ; with Roscoe Jones and David Baxter ; Walter Block, editor. 
264 1 |a Vancouver, B.C. :  |b The Fraser Institute,  |c 1980. 
300 |a xxiv, 133 pages :  |b illustrations ;  |c 21 cm. 
336 |a text  |b txt  |2 rdacontent 
337 |a unmediated  |b n  |2 rdamedia 
338 |a volume  |b nc  |2 rdacarrier 
490 1 |a Fraser Institute housing and land economics series ;  |v no. 6 
504 |a Bibliography: pages 129-133. 
650 0 |a Zoning. 
700 1 |a Horwood, Peter J.  |q (Peter James),  |d 1949- 
700 1 |a Block, Walter,  |d 1941- 
830 0 |a Fraser Institute's housing and land economics series ;  |v no 6. 
999 |a MARS 
999 f f |s 7752394e-9d88-3049-a030-aac8ae2b9e04  |i 155ac98f-47c2-376f-b9a0-82a1be44cf66  |t 0 
952 f f |p ric  |a Texas A&M University  |b Rellis Campus  |c Joint Library Facility  |d Remote Storage  |t 0  |e HT169.6 .G64  |h Library of Congress classification  |i unmediated -- volume  |m A14806144702 
998 f f |a HT169.6 .G64  |t 0  |l Remote Storage